000
00314nam a22001217a 4500
020
_a
922101519X
082
_a
368.44SOC.
245
_a
Social security for the unemployed.
260
_a
Geneva.
_b
International labour office.
_c
1976.
300
_a
viii, 70p.
_b
23cm.
500
_a
Includes bibliography.
942
_c
BK
999
_c
14810
_d
14810